World Cup 2022 group stage results - Statistics

General Stats
  • This quiz has been taken 85 times
  • The average score is 35 of 48
Answer Stats
Match Score % Correct
Qatar - Ecuador 0 - 2
100%
England- Iran 6 - 2
93%
Argentina - Saudi Arabia 1 - 2
89%
Morocco - Croatia 0 - 0
88%
Germany - Japan 1 - 2
88%
USA - Wales 1 - 1
86%
France - Australia 4 - 1
86%
Spain - Costa Rica 7 - 0
86%
Senegal - Netherlands 0 - 2
82%
Denmark - Tunisia 0 - 0
80%
Mexico - Poland 0 - 0
80%
Belgium - Canada 1 - 0
80%
Brazil - Serbia 2 - 0
80%
Poland - Saudi Arabia 2 - 0
80%
Argentina - Mexico 2 - 0
80%
Japan - Costa Rica 0 - 1
79%
Qatar - Senegal 1 - 3
79%
England - USA 0 - 0
77%
Wales - Iran 0 - 2
77%
Spain - Germany 1 - 1
77%
Uruguay - South Korea 0 - 0
75%
Belgium - Morocco 0 - 2
75%
France - Denmark 2 - 1
75%
Portugal - Ghana 3 - 2
75%
Croatia - Canada 4 - 1
75%
Netherlands - Ecuador 1 - 1
71%
Tunisia - Australia 0 - 1
70%
Switzerland - Cameroon 1 - 0
70%
Netherlands - Qatar 2 - 0
70%
Japan - Spain 2 - 1
70%
Cameroon - Serbia 3 - 3
70%
Brazil - Switzerland 1 - 0
68%
Poland - Argentina 0 - 2
66%
Tunisia - France 1 - 0
66%
Iran - USA 0 - 1
64%
Portugal - Uruguay 2 - 0
64%
Croatia - Belgium 0 - 0
63%
Cameroon - Brazil 1 - 0
63%
Ecuador - Senegal 1 - 2
63%
South Korea - Portugal 2 - 1
63%
Costa Rica - Germany 2 - 4
63%
Wales - England 0 - 3
61%
Australia - Denmark 1 - 0
61%
Canada - Morocco 1 - 2
59%
Serbia - Switzerland 2 - 3
57%
Saudi Arabia - Mexico 1 - 2
55%
South Korea - Ghana 2 - 3
55%
Ghana - Uruguay 0 - 2
54%
No matching quizzes found
Score Distribution
Percent of People with Each Score
Percentile by Number Answered
Your Score History
You have not taken this quiz